Los comuneros de Castilla (Record no. 187335)

MARC details
000 -LEADER
campo de control de longitud fija 00941nam a2200217 i 4500
001 - NÚMERO DE CONTROL
campo de control 187335
003 - IDENTIFICADOR DE NÚMERO DE CONTROL
campo de control SpMaBN
005 - FECHA Y HORA DE LA ÚLTIMA TRANSACCIÓN
campo de control 20250731001136.0
008 - DATOS DE LONGITUD FIJA--INFORMACIÓN GENERAL
campo de control de longitud fija 170605s1930 sp f |||| | spa d
080 ## - NÚMERO DE LA CLASIFICACIÓN DECIMAL UNIVERSAL
Número de la Clasificación Decimal Universal 94(460.18)"1520/21"
100 1# - ENTRADA PRINCIPAL--NOMBRE DE PERSONA
Nombre de persona Poch Noguer, José.
9 (RLIN) 92696
245 14 - MENCIÓN DEL TÍTULO
Título Los comuneros de Castilla
Resto del título : la vida por las libertades patrias /
Mención de responsabilidad, etc. por José Poch N. ; ilustraciones de Jesús de la Helguera.
260 ## - PUBLICACIÓN, DISTRIBUCIÓN, ETC.
Lugar de publicación, distribución, etc. Barcelona :
Nombre del editor, distribuidor, etc. Araluce,
Fecha de publicación, distribución, etc. [1930]
300 ## - DESCRIPCIÓN FÍSICA
Extensión VIII, 9-150 p., [8] h. de lám. col. ;
Dimensiones 17 cm.
490 1# - MENCIÓN DE SERIE
Mención de serie Páginas brillantes de la historia ;
Designación de volumen o secuencia 19
651 #7 - PUNTO DE ACCESO ADICIONAL DE MATERIA--NOMBRE GEOGRÁFICO
Nombre geográfico Castilla (Reino)-
Subdivisión general Historia-
Subdivisión cronológica 1520-1521, Rebelión de los comuneros
Fuente del encabezamiento o término
9 (RLIN) 142469
700 1# - ENTRADA AGREGADA--NOMBRE PERSONAL
Nombre de persona Helguera, Jesús de la (
Fechas asociadas al nombre 1910-1971)
9 (RLIN) 162947
830 0# - PUNTO DE ACCESO ADICIONAL DE SERIE-TÍTULO UNIFORME
Título uniforme Páginas brillantes de la historia ;
Designación de volumen o secuencia 19
9 (RLIN) 225554
852 ## - LOCALIZACIÓN
Ubicación ES-MaACL
Número de control de estantería L-31681
Nota libre - enc. cart.
-- . - Donat. herederos de la bibl. de Mª del Pilar Costa Palacín
Holdings
Estatus retirado Estado de pérdida Estado de daño No para préstamo Biblioteca de origen Biblioteca actual Ubicación en estantería Fecha de adquisición Fuente de adquisición Total de préstamos Signatura topográfica completa Código de barras Visto por última vez Precio de reemplazo Tipo de ítem Koha
        Biblioteca del Ateneo de Madrid Biblioteca del Ateneo de Madrid Depósito 2 05/06/2017     L-31681 1197701 23/02/2023 23/02/2023 Libro impreso